プロ野球スピリッツA【プロスピA】の外国人選手 (埼玉西武ライオンズ) - Statistics

General Stats
  • This quiz has been taken 127 times
    24 since last reset
  • The average score is 19 of 40
Answer Stats
選手名 % Correct
野手(OB) E.メヒア
87%
野手 F.コルデロ
87%
野手 T.ネビン
87%
投手(OB) 郭泰源
78%
投手 郭俊麟
78%
野手 J.アギラー
78%
野手(OB) O.デストラーデ
74%
投手 A.アブレイユ
70%
野手(OB) A.カブレラ
70%
野手 C.スパンジェンバーグ
70%
投手 T.ウィンゲンター
70%
投手 Z.ニール
70%
投手 E.ラミレス
65%
投手 B.ウルフ
61%
野手 D.マキノン
61%
投手 J.ヤン
61%
投手 ボー・タカハシ
57%
野手 A.ガルシア
52%
野手 M.ペイトン
52%
投手(OB) R.ギャレット
52%
野手(OB) テリー
48%
投手(OB) A.グラマン
48%
投手 D.エンス
48%
野手 B.オグレディ
43%
野手 L.セデーニョ
43%
野手 ジャンセン・ウィティ
39%
投手 D.ヒース
35%
投手 F.カスティーヨ
30%
投手 J.ティノコ
30%
野手(OB) バークレオ
26%
投手 B.シュリッター
22%
投手 E.バスケス
22%
投手 K.マーティン
22%
投手 C.C.リー
17%
投手 N.ワグナー
17%
投手 S.ノリン
17%
投手 A.バンヘッケン
13%
投手 F.ガルセス
13%
投手 M.ダーモディ
13%
野手(OB) S.マクレーン
13%
No matching quizzes found
Score Distribution
Percent of People with Each Score
Percentile by Number Answered
Your Score History
You have not taken this quiz since the last reset